000 00864nam a22002897a 4500
001 BR4100086
003 BR-BrBNA
005 20230928082912.0
007 ta
008 230509b bl.||||| |||| 00| 0 por d
040 _aBR-BrBNA
_bpor
_cBiblioteca Nacional de Agricultura
041 _a(Por)
072 _aE50; E15
_b/G514
090 _ E50 BR4100086
100 1 _aAzevedo, A.
110 1 _aServico de Economia Rural, Rio de Janeiro, GB (Brasil)
_99315
245 1 _aRelatorio parcial dos estudos economicos e sociaes realizados em Bananal - Estado de Sao Paulo [Brasil]
260 3 _aRio de Janeiro, GB (Brasil):
_c1941.
300 _a82 p.
500 _a112 illus.
650 _aDESENVOLVIMENTO SOCIAL
650 _aDESENVOLVIMENTO ECONOMICO
650 _aBANANAL
650 _aSAO PAULO
909 _a202309
_bLucia
_c55
_dLucia Elande
942 _cBK
999 _c10527
_d10527